Networks in telecommunications : (Record no. 13358)
[ view plain ]
| 000 -LEADER | |
|---|---|
| fixed length control field | 01933cam a2200325 a 4500 |
| 001 - CONTROL NUMBER | |
| control field | 15562609 |
| 005 - DATE AND TIME OF LATEST TRANSACTION | |
| control field | 20090916092128.0 |
| 008 - FIXED-LENGTH DATA ELEMENTS--GENERAL INFORMATION | |
| fixed length control field | 081219s2009 nyu b 001 0 eng |
| 010 ## - LIBRARY OF CONGRESS CONTROL NUMBER | |
| LC control number | 2008054545 |
| 020 ## - INTERNATIONAL STANDARD BOOK NUMBER | |
| International Standard Book Number | 9780521857109 (hardback) |
| 020 ## - INTERNATIONAL STANDARD BOOK NUMBER | |
| International Standard Book Number | 9780521673860 (pbk.) |
| 040 ## - CATALOGING SOURCE | |
| Original cataloging agency | DLC |
| Transcribing agency | DLC |
| Modifying agency | DLC |
| 050 00 - LIBRARY OF CONGRESS CALL NUMBER | |
| Classification number | HD69.S8 |
| Item number | S68 2009 |
| 082 00 - DEWEY DECIMAL CLASSIFICATION NUMBER | |
| Classification number | 384 |
| Edition number | 22 |
| Item number | SPU |
| 100 1# - MAIN ENTRY--PERSONAL NAME | |
| Personal name | Spulber, Daniel F. |
| 9 (RLIN) | 11258 |
| 245 10 - TITLE STATEMENT | |
| Title | Networks in telecommunications : |
| Remainder of title | economics and law / |
| Statement of responsibility, etc | Daniel F. Spulber, Christopher S. Yoo. |
| 250 ## - EDITION STATEMENT | |
| Edition statement | 1st ed. |
| 260 ## - PUBLICATION, DISTRIBUTION, ETC. (IMPRINT) | |
| Place of publication, distribution, etc | New York : |
| Name of publisher, distributor, etc | Cambridge University Press, |
| Date of publication, distribution, etc | c.2009. |
| 300 ## - PHYSICAL DESCRIPTION | |
| Extent | xvi, 493 p. ; |
| Dimensions | 26 cm. |
| 500 ## - GENERAL NOTE | |
| General note | Includes Index. |
| 504 ## - BIBLIOGRAPHY, ETC. NOTE | |
| Bibliography, etc | Includes bibliographical references (p. 439-471) and index. |
| 505 0# - FORMATTED CONTENTS NOTE | |
| Formatted contents note | The economics of networks -- The structure and functions of networks -- The design and costs of networks -- Pricing network services -- The regulation of networks -- Network regulation basics -- Economic effects of regulating access to networks -- Pricing of access to networks -- Constitutional limits on the pricing of access to networks -- Policy applications -- The regulation of local telephone networks -- Antitrust as applied to network industries -- The regulation of last-mile broadband networks -- The regulation of broadband networks and the internet : network -- Neutrality versus network diversity -- The regulation of broadband networks and the internet : network -- Neutrality versus network capacity. |
| 650 #0 - SUBJECT ADDED ENTRY--TOPICAL TERM | |
| Topical term or geographic name as entry element | Business networks. |
| 9 (RLIN) | 11259 |
| 650 #0 - SUBJECT ADDED ENTRY--TOPICAL TERM | |
| Topical term or geographic name as entry element | Telecommunication. |
| 9 (RLIN) | 11260 |
| 650 #0 - SUBJECT ADDED ENTRY--TOPICAL TERM | |
| Topical term or geographic name as entry element | Telecommunication |
| General subdivision | Law and legislation. |
| 9 (RLIN) | 11261 |
| 700 1# - ADDED ENTRY--PERSONAL NAME | |
| Personal name | Yoo, Christopher S. |
| 9 (RLIN) | 11262 |
| 942 ## - ADDED ENTRY ELEMENTS (KOHA) | |
| Source of classification or shelving scheme | Dewey Decimal Classification |
| Item type | Book - Borrowing |
| Withdrawn status | Item status | Source of classification or shelving scheme | Damaged status | Not for loan | Vendor | Home library | Current library | Shelving location | Date acquired | Source of acquisition | Cost, normal purchase price | Serial Enumeration / chronology | Total Checkouts | Full call number | Barcode | Date last seen | Date last borrowed | Koha item type |
|---|---|---|---|---|---|---|---|---|---|---|---|---|---|---|---|---|---|---|
| Dewey Decimal Classification | Alahram | Central Library | Central Library | First floor | 11/02/2010 | 384.00 | SPU | 1 | 384 SPU | 000019580 | 15/07/2025 | 24/02/2016 | Book - Borrowing |